Euroopan kaupungit kirjaimittain - I - Statistics

Yleistilastot
  • Tätä visaa on pelattu 31 kertaa
  • Keskiarvotulos 5 / 14
Vastaukset kartalla
Vastauksille on annettu kartalla punavihreä väri sen mukaan, kuinka moni on saanut sen oikein.
 
Vastaustilastot
% Oikein
Suomi Iisalmi 20 463 63.561111 27.188889
100%
Suomi Imatra 24 724 61.193056 28.776389
96%
Itävalta Innsbruck 132 499 47.267222 11.392778
87%
Iso-Britannia Ipswich 151 562 52.059444 1.155556
61%
Romania Iași 271 692 47.162222 27.588889
52%
Kreikka Iraklion 162 600 35.333333 25.133333
43%
Saksa Ingolstadt 141 185 48.766667 11.416667
30%
Italia Imola 69 350 44.353333 11.714444
22%
Kreikka Ioánnina 88 226 39.666667 20.85
13%
Ukraina Ivano-Frankivsk 238 196 48.9227 24.71034
Iași 47.162222 27.588889 4 iasi
Iisalmi 63.561111 27.188889 4 iisalmi
Ilfov 44.6 26.116667 4 ilfov
Imatra 61.193056 28.776389 4 imatra
Imola 44.353333 11.714444 4 imola
Indre Østfold 59.582222 11.170278 4 indre-ostfold
Ingolstadt 48.766667 11.416667 4 ingolstadt
Innsbruck 47.267222 11.392778 4 innsbruck
Inowrocław 52.793056 18.261111 4 inowroclaw
Ioánnina 39.666667 20.85 4 ioannina
Ipswich 52.059444 1.155556 4 ipswich
Iraklion 35.333333 25.133333 4 iraklion
Irpin 50.520088 30.244586 4 irpin
Ivano-Frankivsk 48.9227 24.71034 4 ivano-frankivsk
13%
Puola Inowrocław 67 378 52.793056 18.261111
4%
Ukraina Irpin 65 167 50.520088 30.244586
4%
Romania Ilfov 604 061 44.6 26.116667
0%
Norja Indre Østfold 47 449 59.582222 11.170278
0%
Ehtoja vastaavia visoja ei löytynyt
Tulosjakauma
Jokaisen tuloksen saaneiden osuus
Persentiili vastausten määrän mukaan
Tuloshistoriasi
Et ole pelannut tätä visaa